00654 2200181 4500245003300000020002200033250001100055100001400066700001700080650001700097005001900114260003600133041001400169084001100183300002700194500024200221336000900463 aMy Ice GirlcPit SansihText a978-602-430-239-9 aCet. 3 aPit Sansi aIkhdah Henny aNovel Remaja a20240215091553 aYogyakartabBentang Beliac2018 aIndonesia a808.83 ax + 386 hlm :c20,8 cm aTiga alasan Dara untuk menolak Malik sudah lebih dari jelas dan tegas. Namun, bukan Malik namanya kalau ia menyerah. Cowok itu merasa mampu meluluhkan hari Dara. Malik bahkan yakin bisa membuat Dara menyukai apa yang sebelumnya ia benci. atext